Statistics for Greek Mythology True or False #1

Click here to take the quiz!

General Stats

  • This quiz has been taken 86 times
  • The average score is 9 of 12

Answer Stats

QuestionAnswer% Correct
Jason's ship was called the Argo.True
82%
Persephone was the daughter of Hades.False
81%
Prometheus was chained to a rock for eternity after disobeying Zeus.True
81%
Epimetheus married Pandora, despite his brother's best wishes.True
78%
Oedipus, upon learning his fate, tries to avoid it only to make it come true.True
78%
Asclepius is the God of Medicine.True
77%
Theseus beheaded Medusa.False
76%
Eris is the Goddess of Victory.False
75%
King Aegeus was Theseus's father.True
70%
Ares contested with Athena for the namesake of Athens.False
58%
Heracles originally only had 11 labors.False
57%
King Minos was King of the island of Rhodes.False
54%

Score Distribution

Percentile by Number Answered

Percent of People with Each Score

Your Score History

You have not taken this quiz